25 años de diálogo social : (Record no. 12391)

MARC details
000 -LEADER
campo de control de longitud fija 01079nam a2200313Ia 4500
001 - NÚMERO DE CONTROL
campo de control 000418
008 - DATOS DE LONGITUD FIJA--INFORMACIÓN GENERAL
campo de control de longitud fija 221003s2003 xx 000 0 spa d
035 ## - NÚMERO DE CONTROL DEL SISTEMA
Número de control de sistema CENDO_12392
041 ## - CÓDIGO DE IDIOMA
Código de lengua del texto/banda sonora o título independiente spa
Código de lengua del sumario o resumen
084 ## - OTRO NÚMERO DE CLASIFICACIÓN
Número de clasificación CD-02277
110 ## - ENTRADA PRINCIPAL--NOMBRE DE ENTIDAD CORPORATIVA
Nombre de entidad corporativa o nombre de jurisdicción como elemento de entrada JORNADAS 25 AÑOS DE DIALOGO SOCIAL : BALANCE Y PERSPECTIVAS DE FUTURO
Sede del congreso/Lugar de la reunión Toledo
Fecha del congreso o de la firma del tratado 2003
9 (RLIN) 12333
245 #0 - MENCIÓN DEL TÍTULO
Título 25 años de diálogo social :
Resto del título balance y perspectivas de futuro /
Mención de responsabilidad, etc. [jornadas organizadas por el Consejo Económico y Social de Castilla La Mancha
260 ## - PUBLICACIÓN, DISTRIBUCIÓN, ETC.
Lugar de publicación, distribución, etc. Toledo :
Nombre del editor, distribuidor, etc. Consejo Económico y Social de Castilla La Mancha,
Fecha de publicación, distribución, etc. 2003
300 ## - DESCRIPCIÓN FÍSICA
Extensión 168 p. ;
Dimensiones 24 cm
650 ## - PUNTO DE ACCESO ADICIONAL DE MATERIA--TÉRMINO DE MATERIA
Término de materia o nombre geográfico como elemento de entrada CONCERTACION SOCIAL
9 (RLIN) 407
650 ## - PUNTO DE ACCESO ADICIONAL DE MATERIA--TÉRMINO DE MATERIA
Término de materia o nombre geográfico como elemento de entrada CASTILLA-LA MANCHA
9 (RLIN) 3732
650 ## - PUNTO DE ACCESO ADICIONAL DE MATERIA--TÉRMINO DE MATERIA
Término de materia o nombre geográfico como elemento de entrada CONFERENCIA
9 (RLIN) 311
650 #0 - PUNTO DE ACCESO ADICIONAL DE MATERIA--TÉRMINO DE MATERIA
Término de materia o nombre geográfico como elemento de entrada ACTITUD SINDICAL
9 (RLIN) 61
650 ## - PUNTO DE ACCESO ADICIONAL DE MATERIA--TÉRMINO DE MATERIA
Término de materia o nombre geográfico como elemento de entrada ACTITUD DE LA DIRECCION
9 (RLIN) 173
650 ## - PUNTO DE ACCESO ADICIONAL DE MATERIA--TÉRMINO DE MATERIA
Término de materia o nombre geográfico como elemento de entrada ACTITUD GUBERNAMENTAL
9 (RLIN) 1137
710 ## - ENTRADA AGREGADA--NOMBRE DE ENTIDAD CORPORATIVA
Nombre de entidad corporativa o nombre de jurisdicción como elemento de entrada CONSEJO ECONOMICO Y SOCIAL
Sede del congreso/Lugar de la reunión Castilla-La Mancha,
Término indicativo de función/relación ed.
9 (RLIN) 12334
901 ## - ELEMENTOS DE DATOS A LOCAL LDA (RLIN)
a 3
903 ## - ELEMENTOS DE DATOS C LOCAL, LDC (RLIN)
a NO
904 ## - ELEMENTOS DE DATOS D LOCAL, LDD (RLIN)
a 000
953 ## -
-- 2004-01-26
-- MONOGRAFIA
-- CD-02277
910 ## - DATOS DE OPCIÓN DEL USUARIO (OCLC)
Datos de opción del usuario 2003
942 ## - ELEMENTOS DE ENTRADA SECUNDARIOS (KOHA)
Tipo de ítem Koha Monografía
Holdings
Estatus retirado Estado de pérdida Estado de daño No para préstamo Biblioteca de origen Biblioteca actual Fecha de adquisición Total de préstamos Signatura topográfica completa Código de barras Visto por última vez Precio de reemplazo Tipo de ítem Koha
        CENDO CENDO 26/01/2004   CD-02277 CENDO_12392 05/10/2022 05/10/2022 Monografía